000 00244nam a22001097a 4500
082 _a355 ATT'S
100 _aATTIQ-UR-REHMAN
_910102
245 _aSIP SLOWLY
260 _aRAWALPINDI
_bARMY EDUCATION PRESS
_c1990
300 _a150P
942 _cBK
999 _c579363
_d579363